Welcome to CU Library Online Public Access Catalogue (OPAC)

Hand pain and impairment / (Record no. 3738)

MARC details
000 -LEADER
fixed length control field 00678pam a2200241 a 4500
001 - CONTROL NUMBER
control field 3471280
005 - DATE AND TIME OF LATEST TRANSACTION
control field 20250209123239.0
008 - FIXED-LENGTH DATA ELEMENTS--GENERAL INFORMATION
fixed length control field 931201s1994 paua b 001 0 eng c
020 ## - INTERNATIONAL STANDARD BOOK NUMBER
International Standard Book Number 0803616198 :
Terms of availability $21.95
050 00 - LIBRARY OF CONGRESS CALL NUMBER
Classification number RC951
Item number .C24 1994
082 00 - DEWEY DECIMAL CLASSIFICATION NUMBER
Classification number 617.5/75
Edition information 20
100 1# - MAIN ENTRY--PERSONAL NAME
Personal name Cailliet, Rene.
245 10 - TITLE STATEMENT
Title Hand pain and impairment /
Statement of responsibility, etc. Rene Cailliet ; illustrations by R. Cailliet.
250 ## - EDITION STATEMENT
Edition statement Ed. 4.
260 ## - PUBLICATION, DISTRIBUTION, ETC.
Place of publication, distribution, etc. Philadelphia :
Name of publisher, distributor, etc. F. A. Davis,
Date of publication, distribution, etc. c1994.
300 ## - PHYSICAL DESCRIPTION
Extent xx, 311 p. :
Other physical details ill. ;
Dimensions 23 cm.
650 #0 - SUBJECT ADDED ENTRY--TOPICAL TERM
Topical term or geographic name entry element Hand
General subdivision Diseases.
650 #0 - SUBJECT ADDED ENTRY--TOPICAL TERM
Topical term or geographic name entry element Pain.
650 #2 - SUBJECT ADDED ENTRY--TOPICAL TERM
Topical term or geographic name entry element Hand.
650 #2 - SUBJECT ADDED ENTRY--TOPICAL TERM
Topical term or geographic name entry element Hand Injuries
General subdivision therapy.
650 #2 - SUBJECT ADDED ENTRY--TOPICAL TERM
Topical term or geographic name entry element Pain
General subdivision therapy.
942 ## - ADDED ENTRY ELEMENTS (KOHA)
Source of classification or shelving scheme Library of Congress Classification
Koha item type Books
Edition ed. 4
Suppress in OPAC No
999 ## -
-- 3738
-- 3738
Holdings
Withdrawn status Lost status Source of classification or shelving scheme Damaged status Not for loan Collection Home library Current library Shelving location Date acquired Total checkouts Full call number Barcode Date last seen Copy number Price effective from Koha item type
    Library of Congress Classification     Non-fiction Science Library (Miotso) Science Library (Miotso) General stacks 02/09/2025   RC951 .C24 CAI SLM00003347 02/09/2025 1 02/09/2025 Books
© 2023-2024 Copyright: Central University Libraries. All Rights Reserved | Created by: Mahone Tech Office